| 000 | 00409nam a22001337a 4500 | ||
|---|---|---|---|
| 999 |
_c19465 _d19465 |
||
| 008 | 240301b ||||| |||| 00| 0 eng d | ||
| 020 | _a9780753539880 | ||
| 082 |
_aDFic _bB869 2009 |
||
| 100 |
_aBukowski, Charles. _953743 |
||
| 245 |
_aTales of ordinary madness / _cCharles Bukowski. |
||
| 260 |
_aGreat Britain : _bVirgin Book, _c©2009. |
||
| 300 |
_a231 pages : _billustrations ; _c20 cm. |
||
| 942 |
_2ddc _cDFIC |
||